000 02525cam a22003254a 4500
001 13463
003 BD-RjUL
005 20211208235446.0
008 140201s2011 nju 001 0 eng d
020 _a9780470888018 (hardback)
020 _a9781118007877 (hardback)
035 _a(OCoLC)ocn662400216
_a(BD-RjUL)13514
040 _aDLC
_cDLC
_dYDX
_dBTCTA
_dYDXCP
_dBWX
_dCDX
_dBD-RjUL
_beng
041 _aeng
082 0 0 _a658.872
_222
_bCEB 2011
100 1 _aCesari, Rick,
_d1956-
_941990
245 1 0 _aBuy now :
_bcreative marketing that gets customers to respond to you and your product /
_cRick Cesari, Ron Lynch ; with Tom Kelly.
260 _aHoboken, N.J. :
_bWiley,
_cc2011.
300 _axiv, 224 p. ;
_c24 cm.
504 _aIncludes index.
520 _a"Learn the secrets of direct response marketing with the man who created the George Foreman Grill campaign In today's highly competitive, global marketplace, businesses have to do more than just advertise their products. By taking advantage of the accountable advertising model that direct response has to offer, you can improve your bottom line, build brands, and develop lasting relationships with legions of satisfied customers. In Buy Now!, Rick Cesari reveals twenty-five years' worth of insights and methods, enabling you to make the most of direct response marketing in your business toolkit. Whether you're a business owner, executive, inventor, or marketer, Buy Now! gives you the secrets behind the successful campaigns that catapulted products into millions of homes. Find out how to use direct response to create a "self-funding "marketing campaign Learn the techniques to building offers that will get people to respond to your products Use "high touch" direct response marketing to build brand equity and drive sales at retail Find out why large companies like Johnson & Johnson and Valvoline are using these concepts for their consumer brands Cesari has put more companies on the Inc. 500 list of fastest growing companies than anyone else Buy Now! to launch your products and campaigns to new heights-and connect with customers as never before-with Cesari's market-leading insights."--
650 0 _aDirect marketing.
_941991
650 0 _aCustomer relations.
_941983
700 1 _aLynch, Ron,
_d1966-
_941992
700 1 _aKelly, Tom,
_d1950 October 8-
_941993
856 4 2 _3Cover image
_uhttp://catalogimages.wiley.com/images/db/jimages/9780470888018.jpg
942 _2ddc
_cBK
999 _c13463
_d13463